Szczegóły MARC21

Spravočnik ličnyh imen narodov RSFSR /c [pod red. A. V. Superanskoj (otv. red.), Ŭ. M. Guseva.

003 -Nazwa inst., której nr kontr. jest w polu 001 [,]
    • @
    • Nazwa instytucji, której n kontrolny jest w polu 001
    • NUKAT
005 -DATA I CZAS OSTATNIEJ MODYFIKACJI [,]
    • @
    • pole kontrolne
    • 20241231092322.0
040 -Instytucja sporządzająca opis [ , ]
    • a
    • Instytucja, która sporządziła opis (NP)
    • KAT U/41BM
    • c
    • Instytucja, która sporządziła rekord (NP)
    • KAT U/41BMs
    • d
    • Instytucja, która zmodyfikowała rekord (P)
    • KAT U/41BM
942 -Rodzaj dokumentu [ , ]
    • c
    • Rodzaj dokumentu
    • Książka
245 -Strefa tytułu i oznaczenia odpowiedzialności [0,0]
    • a
    • Tytuł
    • Spravočnik ličnyh imen narodov RSFSR /c [pod red. A. V. Superanskoj (otv. red.), Ŭ. M. Guseva. Find
250 -Strefa wydania [ , ]
    • a
    • Oznaczenie wydania (NP)
    • Izd. 3-e, ispravl.
260 -Strefa adresu wydawniczego [ , ]
    • a
    • Miejsce wydania (P)
    • Moskva :
    • b
    • Nazwa wydawcy (P)
    • "Russkij âzyk",
    • c
    • Data wydania (P)
    • 1987.
300 -Strefa opisu fizycznego [ , ]
    • a
    • Określenie formy książki i/lub objętość (NP)
    • 654, [2] s. ;
    • c
    • Format (NP)
    • 17 cm.
336 -Typ zawartości [ , ]
    • a
    • Termin opisujący typ zawartości
    • Tekst
    • b
    • Kod określający zawartość
    • txt
    • 2
    • Źródło (terminu i kodu)
    • rdacontent
337 -Typ mediów [ , ]
    • a
    • Tryb odtwarzania
    • Bez urządzenia pośredniczącego
    • b
    • Kod typu mediów
    • n
    • 2
    • Źródło (terminu i kodu)
    • rdamedia
338 -Typ/rodzaj nośnika [ , ]
    • a
    • Hasło opisujące typ nośnika
    • Wolumin
    • b
    • Kod typu nośnika
    • nc
    • 2
    • Źródło (terminu i kodu)
    • rdacarrier
521 -Uwaga dot. przeznaczenia czytelniczego [8, ]
    • a
    • Uwaga dot. przeznaczenia czytelniczego
    • Rekomenduetsa Ministerstvom ŭsticii RSFSR v kačestve praktičeskogo posobiâ dlâ rabotnikov organov zapisi aktov graždanskogo sostoâniâ RSFSR.
650 -Hasło przedmiotowe [ ,7]
    • a
    • Hasło przedmiotowe
    • Imiona
    • z
    • Określnik geograficzny
    • Związek Radziecki
    • x
    • Określnik rzeczowy
    • republiki.
    • 2
    • Źródło terminu
    • kaba
    • 9
    • KHW
    • 460263
700 -Hasło dodatkowe - nazwa osobowa [1, ]
    • a
    • Nazwa osobowa (NP)
    • Superanskaâ, Aleksandra Vasil'evna Find
    • d
    • Daty biograficzne (NP)
    • (1929-2013).
    • e
    • Określenie rodzaju współpracy
    • Red.
    • 9
    • KHW
    • 37901
700 -Hasło dodatkowe - nazwa osobowa [1, ]
    • a
    • Nazwa osobowa (NP)
    • Guseva, Û. M. Find
    • e
    • Określenie rodzaju współpracy
    • Red.
    • 9
    • KHW
    • 460142
Status udost. Numer inwentarzowy Sygnatura Lokalizacja
1Z.71094 BG
1R.5056ROS. Słow. specjalistyczne 11BM
1JO.714 BM